On vaig, senyor? (Record no. 41550)

MARC details
000 -LEADER
campo de control de longitud fija 00799nam a2200205 i 4500
001 - NÚMERO DE CONTROL
campo de control 41550
003 - IDENTIFICADOR DE NÚMERO DE CONTROL
campo de control ES-MaACL
005 - FECHA Y HORA DE LA ÚLTIMA TRANSACCIÓN
campo de control 20260303141306.0
007 - CAMPO FIJO DE DESCRIPCIÓN FÍSICA--INFORMACIÓN GENERAL
campo de control de longitud fija t|
008 - DATOS DE LONGITUD FIJA--INFORMACIÓN GENERAL
campo de control de longitud fija 030311s1949 sp ||||1| val d
100 1# - ENTRADA PRINCIPAL--NOMBRE DE PERSONA
Nombre de persona Casp, Xavier,
Fechas asociadas al nombre 1915-2004
9 (RLIN) 36331
245 10 - MENCIÓN DEL TÍTULO
Título On vaig, senyor?
Resto del título : sensacions de la Passió /
Mención de responsabilidad, etc. Xavier Casp ; ilustracions de Martínez Penella.
260 ## - PUBLICACIÓN, DISTRIBUCIÓN, ETC.
Lugar de publicación, distribución, etc. Valencia :
Nombre del editor, distribuidor, etc. Institución Alfonso el Magnánimo :
-- Diputación Provincial de Valencia,
Fecha de publicación, distribución, etc. 1949 (
Fabricante Imp. Provincial de Valencia)
300 ## - DESCRIPCIÓN FÍSICA
Extensión 115 p., 3 lám. :
Otras características físicas il. ;
Dimensiones 18 cm.
700 1# - ENTRADA AGREGADA--NOMBRE PERSONAL
Nombre de persona Martínez Penella.
9 (RLIN) 78317
710 2# - ENTRADA AGREGADA--NOMBRE DE ENTIDAD CORPORATIVA
Nombre de entidad corporativa o nombre de jurisdicción como elemento de entrada Institució Alfons el Magnànim
9 (RLIN) 173001
710 1# - ENTRADA AGREGADA--NOMBRE DE ENTIDAD CORPORATIVA
Nombre de entidad corporativa o nombre de jurisdicción como elemento de entrada Valencia (Provincia).
Unidad subordinada Diputación Provincial.
9 (RLIN) 7538
852 ## - LOCALIZACIÓN
Ubicación ES-MaACL
Número de control de estantería B-2698
Sublocalización o colección R.29992
Holdings
Estatus retirado Estado de pérdida Estado de daño No para préstamo Biblioteca de origen Biblioteca actual Ubicación en estantería Fecha de adquisición Fuente de adquisición Total de préstamos Signatura topográfica completa Código de barras Visto por última vez Precio de reemplazo Tipo de ítem Koha
        Biblioteca del Ateneo de Madrid Biblioteca del Ateneo de Madrid Sala Pardo Bazán 17/01/2008     B-2698 1043739 23/02/2023 23/02/2023 Libro impreso